Statystyki dla Reprezentacje należące do CAF

Kliknij tutaj aby rozwiązać quiz!

Ogólne statystyki

  • Ten quiz został rozwiązany 43 razy
  • Średni wynik to 46 z 54

Statystyki odpowiedzi

Reprezentacja% Poprawnych
Egipt
100%
Maroko
100%
Senegal
100%
Demokratyczna Republika Konga
97%
Republika Południowej Afryki
97%
Ghana
95%
Algieria
92%
Angola
92%
Czad
92%
Kongo
92%
Libia
92%
Madagaskar
92%
Niger
92%
Nigeria
92%
Tunezja
92%
Zambia
92%
Gwinea
89%
Gwinea-Bissau
89%
Tanzania
89%
Zimbabwe
89%
Erytrea
86%
Gwinea Równikowa
86%
Mali
86%
Mozambik
86%
Seszele
86%
Etiopia
84%
Gambia
84%
Kenia
84%
Namibia
84%
Republika Środkowoafrykańska
84%
Wybrzeże Kości Słoniowej
84%
Botswana
81%
Dżibuti
81%
Eswatini
81%
Kamerun
81%
Mauretania
81%
Mauritius
81%
Republika Zielonego Przylądka
81%
Rwanda
81%
Somalia
81%
Sudan
81%
Gabon
78%
Lesotho
78%
Sudan Południowy
78%
Togo
78%
Komory
76%
Liberia
76%
Malawi
76%
Burkina Faso
73%
Sierra Leone
73%
Uganda
73%
Wyspy Świętego Tomasza i Książęca
73%
Benin
70%
Burundi
70%

Rozkład punktacji

Percentyl według liczby udzielonych odpowiedzi

Procent ludzi z każdym wynikiem

Twoja historia wyników

Nie rozwiązałeś tego quizu